Normal view MARC view
  •  Arwa Zainab Irfan

Entry Personal Name

Number of records used in: 1

001 - CONTROL NUMBER

  • control field: 133498

003 - CONTROL NUMBER IDENTIFIER

  • control field: NUST

005 - DATE AND TIME OF LATEST TRANSACTION

  • control field: 20260302102514.0

008 - FIXED-LENGTH DATA ELEMENTS

  • fixed length control field: 260302|| aca||aabn | a|a d

040 ## - CATALOGING SOURCE

  • Original cataloging agency: NUST
  • Transcribing agency: NUST

100 ## - HEADING--PERSONAL NAME

  • Personal name:  Arwa Zainab Irfan

670 ## - SOURCE DATA FOUND

  • Source citation: Work cat.: (NUST): Arwa Zainab Irfan, Analyzing the Impact of Short-Form Video Features on Purchase Intentions of Users/
© 2023 Central Library, National University of Sciences and Technology. All Rights Reserved.